000
00333nam a22001457a 4500
008
240207b ||||| |||| 00| 0 eng d
020
_a
9780763722883
041
_a
eng
080
_2
2005
_a
610.73
082
_a
610.73AND
100
_a
8
101
_a
INF
245
_a
REPRODUCTIVE HEALTH
_c
BARBARA A. ANDERSON
942
_2
udc
_c
BK
999
_c
60591
_d
60591